| 000 | 00588cam a2200241ua 4500 | ||
|---|---|---|---|
| 020 | _c13.13 | ||
| 041 |
_aeng _h |
||
| 082 |
_a604.2 _bPAR/IN |
||
| 100 | _aParkinson, A.C . | ||
| 245 |
_aIntermediate engineering drawing / _cA.C.Parkinson. _hTextual Documents |
||
| 250 |
_a5 / _b. |
||
| 260 |
_aLondon : _bSir Isaac Pitman & Sons Ltd , _c1964. |
||
| 300 | _a247 ; . | ||
| 365 | _a13.13 | ||
| 504 | _a | ||
| 942 | _cBK | ||
| 999 |
_c1910 _d1910 |
||